LEADER 01065nam0-22003491i-450- 001 990007863130403321 005 20130912114715.0 010 $a88-217-1647-3 035 $a000786313 035 $aFED01000786313 035 $a(Aleph)000786313FED01 035 $a000786313 100 $a20130912d2002----km-y0itay50------ba 101 0 $aita 102 $aIT 105 $ay-------001yy 200 1 $a<>nuova disciplina del socio lavoratore di cooperativa$eL. n. 142/2001 e provvedimenti attuativi$fa cura di Domenico Garofalo e Michele Miscione 210 $aPadova$cIPSOA$d2002 215 $aXV, 424 p.$d21 cm 225 1 $aLeggi e lavoro$v5 676 $a334.068$v20$zita 702 1$aGarofalo,$bDomenico$f<1951- > 702 1$aMiscione,$bMichele$f<1942- > 801 0$aIT$bUNINA$gRICA$2UNIMARC 901 $aBK 912 $a990007863130403321 952 $aA-III-158$b12215$fDDRC 952 $aDPR29/896$b21287$fDEC 959 $aDDRC 959 $aDEC 996 $aNuova disciplina del socio lavoratore di cooperativa$9287799 997 $aUNINA LEADER 01311nam--2200397---450- 001 990001723810203316 005 20070731091739.0 035 $a000172381 035 $aUSA01000172381 035 $a(ALEPH)000172381USA01 035 $a000172381 100 $a20040603d1979----km-y0itay0103----ba 101 0 $aita 102 $aIT 105 $a||||||||001yy 200 1 $a"Non essere sonno di nessuno sotto tante palpebre"$eRilke o la responsabilitŕ del compito conoscitivo$fAnna Lucia Giavotto Künkler 210 $aGenova ; San Salvatore Monferrato$cIl melangolo$d1979 215 $a156 p.$d20 cm 225 2 $a<> melangolo$v2 410 0$12001$a<> melangolo$v2 454 1$12001 461 1$1001-------$12001 600 1 $aRilke,$bRainer Maria. Duineser Elegien 676 $a831.9 700 1$aKÜNKLER GIAVOTTO,$bAnna Lucia$0444501 801 0$aIT$bsalbc$gISBD 912 $a990001723810203316 951 $aVII.2.B. 557(Varie coll 650/2)$b9146 L.M.$cVarie coll 959 $aBK 969 $aUMA 979 $aSIAV4$b10$c20040603$lUSA01$h1544 979 $aCOPAT3$b90$c20050203$lUSA01$h1443 979 $aCOPAT6$b90$c20070730$lUSA01$h1450 979 $aCOPAT1$b90$c20070731$lUSA01$h0917 996 $aNon essere sonno di nessuno sotto tante palpebre$989519 997 $aUNISA